[Event "DEM U12w 2019"]
[Site "Willingen GER"]
[Date "2019.06.15"]
[Round "9"]
[White "Zhou, Lepu Coco"]
[Black "Roncea, Andreea-Alexandra"]
[Result "1/2-1/2"]
[Termination "normal"]
[Board "1"]
[WhiteElo "1724"]
[BlackElo "1558"]
[WhiteClock "00:43:31"]
[BlackClock "00:26:36"]
[PlyCount "55"]
[WhiteFideId "16217136"]
[BlackFideId "16233115"]
[EventCountry "GER"]
[EventRounds "9"]
[EventType "swiss"]
[EventDate "2019.06.08"]

1. e4 {[%clk 1:30:57]} 1... e5 {[%clk 1:30:56]} 2. Nf3 {[%clk 1:31:22]} 2...
Nc6 {[%clk 1:31:21]} 3. Bb5 {[%clk 1:31:47]} 3... a6 {[%clk 1:31:45]} 4. Ba4 {
[%clk 1:32:13]} 4... b5 {[%clk 1:32:08]} 5. Bb3 {[%clk 1:32:38]} 5... Bb7 {
[%clk 1:32:31]} 6. O-O {[%clk 1:32:56]} 6... Be7 {[%clk 1:32:49]} 7. c3 { [%clk
1:33:19]} 7... Nf6 {[%clk 1:33:08]} 8. Qe2 {[%clk 1:33:40]} 8... O-O { [%clk
1:33:23]} 9. d4 {[%clk 1:34:01]} 9... d6 {[%clk 1:33:39]} 10. Rd1 { [%clk
1:34:21]} 10... Qc8 {[%clk 1:33:37]} 11. Nbd2 {[%clk 1:34:21]} 11... h6 { [%clk
1:33:29]} 12. Nf1 {[%clk 1:34:08]} 12... Re8 {[%clk 1:33:29]} 13. Ng3 { [%clk
1:32:57]} 13... Bf8 {[%clk 1:33:13]} 14. h3 {[%clk 1:28:02]} 14... exd4 { [%clk
1:32:58]} 15. cxd4 {[%clk 1:28:21]} 15... Nb4 {[%clk 1:32:27]} 16. Nd2 { [%clk
1:21:54]} 16... c5 {[%clk 1:30:25]} 17. dxc5 {[%clk 1:20:22]} 17... dxc5 {[%clk
1:30:16]} 18. a3 {[%clk 1:19:11]} 18... Nc6 {[%clk 1:28:32]} 19. Nf3 { [%clk
1:13:47]} 19... Qc7 {[%clk 1:22:59]} 20. Bd2 {[%clk 1:09:20]} 20... Rad8 {[%clk
1:14:47]} 21. Bc3 {[%clk 1:09:19]} 21... Nd7 {[%clk 1:07:40]} 22. Nh4 { [%clk
1:07:09]} 22... c4 {[%clk 0:51:30]} 23. Bc2 {[%clk 1:07:31]} 23... Nc5 { [%clk
0:50:48]} 24. Nhf5 {[%clk 1:06:03]} 24... g6 {[%clk 0:40:18]} 25. Ne3 { [%clk
0:56:15]} 25... Ne5 {[%clk 0:32:03]} 26. h4 {[%clk 0:50:53]} 26... h5 { [%clk
0:28:04]} 27. Rxd8 {[%clk 0:44:40]} 27... Rxd8 {[%clk 0:26:36]} 28. Rd1 { [%clk
0:43:31]} 1/2-1/2

[Event "DEM U12w 2019"]
[Site "Willingen GER"]
[Date "2019.06.15"]
[Round "9"]
[White "Sereda, Yaroslava"]
[Black "Peglau, Charis"]
[Result "1-0"]
[Termination "normal"]
[Board "2"]
[WhiteElo "1626"]
[BlackElo "1514"]
[WhiteClock "00:01:14"]
[BlackClock "00:17:51"]
[PlyCount "79"]
[WhiteFideId "14178940"]
[BlackFideId "16219996"]
[EventCountry "GER"]
[EventRounds "9"]
[EventType "swiss"]
[EventDate "2019.06.08"]

1. g3 {[%clk 1:30:53]} 1... d5 {[%clk 1:31:10]} 2. Nf3 {[%clk 1:31:13]} 2...
Nf6 {[%clk 1:31:26]} 3. Bg2 {[%clk 1:31:24]} 3... g6 {[%clk 1:31:42]} 4. O-O {
[%clk 1:31:18]} 4... Bg7 {[%clk 1:32:06]} 5. d4 {[%clk 1:29:19]} 5... Bf5 {
[%clk 1:32:13]} 6. c4 {[%clk 1:27:50]} 6... c6 {[%clk 1:30:37]} 7. b3 { [%clk
1:19:56]} 7... O-O {[%clk 1:29:47]} 8. Bb2 {[%clk 1:19:30]} 8... Qc7 { [%clk
1:27:54]} 9. Nc3 {[%clk 1:17:51]} 9... dxc4 {[%clk 1:25:18]} 10. bxc4 { [%clk
1:18:04]} 10... Nbd7 {[%clk 1:24:59]} 11. Nd2 {[%clk 1:15:35]} 11... Nb6 {[%clk
1:22:02]} 12. e4 {[%clk 1:08:42]} 12... Bd7 {[%clk 1:21:07]} 13. e5 { [%clk
0:40:59]} 13... Ng4 {[%clk 1:17:28]} 14. Qe2 {[%clk 0:38:23]} 14... Nh6 { [%clk
1:16:22]} 15. Rfe1 {[%clk 0:35:32]} 15... e6 {[%clk 1:13:33]} 16. Nde4 { [%clk
0:31:47]} 16... Nf5 {[%clk 1:13:26]} 17. Qd3 {[%clk 0:29:11]} 17... Rfd8 {[%clk
1:06:58]} 18. Ba3 {[%clk 0:25:07]} 18... Be8 {[%clk 1:05:05]} 19. Nd6 { [%clk
0:23:22]} 19... Nxd6 {[%clk 1:03:47]} 20. Bxd6 {[%clk 0:23:22]} 20... Rxd6
{[%clk 0:56:01]} 21. exd6 {[%clk 0:22:36]} 21... Qxd6 {[%clk 0:56:17]} 22. Rad1
{[%clk 0:22:13]} 22... c5 {[%clk 0:47:11]} 23. d5 {[%clk 0:18:22]} 23... exd5
{[%clk 0:45:44]} 24. Nxd5 {[%clk 0:18:09]} 24... Kh8 {[%clk 0:42:51]} 25. Nxb6
{[%clk 0:17:18]} 25... Qxb6 {[%clk 0:39:03]} 26. Rb1 {[%clk 0:16:59]} 26... Qa5
{[%clk 0:37:11]} 27. Red1 {[%clk 0:12:38]} 27... Qxa2 {[%clk 0:35:34] } 28.
Rxb7 {[%clk 0:11:49]} 28... Bd4 {[%clk 0:31:01]} 29. Rd2 {[%clk 0:10:27]} 29...
Qa6 {[%clk 0:28:55]} 30. Re7 {[%clk 0:07:00]} 30... Rd8 {[%clk 0:26:34]} 31.
Qe2 {[%clk 0:04:16]} 31... Qa4 {[%clk 0:25:16]} 32. Ra2 {[%clk 0:02:46]} 32...
Qb3 {[%clk 0:23:37]} 33. Rxe8+ {[%clk 0:02:56]} 33... Rxe8 { [%clk 0:24:01]}
34. Qxe8+ {[%clk 0:03:16]} 34... Kg7 {[%clk 0:24:26]} 35. Qe2 { [%clk 0:02:32]}
35... Qb6 {[%clk 0:23:08]} 36. Bd5 {[%clk 0:02:07]} 36... a5 { [%clk 0:21:02]}
37. Kg2 {[%clk 0:01:59]} 37... Qc7 {[%clk 0:19:56]} 38. Qe1 { [%clk 0:01:54]}
38... Qd6 {[%clk 0:18:49]} 39. Rxa5 {[%clk 0:01:14]} 39... Qd7 {[%clk 0:17:51]}
40. Rb5 1-0

[Event "DEM U12w 2019"]
[Site "Willingen GER"]
[Date "2019.06.15"]
[Round "9"]
[White "Trunz, Michelle"]
[Black "Bräutigam, Katerina"]
[Result "0-1"]
[Termination "normal"]
[Board "3"]
[WhiteElo "1505"]
[BlackElo "1697"]
[WhiteClock "00:09:25"]
[BlackClock "00:03:16"]
[PlyCount "94"]
[WhiteFideId "16227980"]
[BlackFideId "16242980"]
[EventCountry "GER"]
[EventRounds "9"]
[EventType "swiss"]
[EventDate "2019.06.08"]

1. e4 {[%clk 1:30:28]} 1... c6 {[%clk 1:30:55]} 2. d4 {[%clk 1:31:20]} 2... d5
{[%clk 1:31:19]} 3. exd5 {[%clk 1:31:33]} 3... cxd5 {[%clk 1:31:41]} 4. c4 {
[%clk 1:31:36]} 4... Nf6 {[%clk 1:32:03]} 5. Nc3 {[%clk 1:31:55]} 5... e6 {
[%clk 1:32:20]} 6. c5 {[%clk 1:31:50]} 6... b6 {[%clk 1:28:41]} 7. b4 { [%clk
1:31:14]} 7... a5 {[%clk 1:27:23]} 8. Na4 {[%clk 1:30:23]} 8... Nfd7 { [%clk
1:25:26]} 9. Bb5 {[%clk 1:29:34]} 9... bxc5 {[%clk 1:21:58]} 10. bxc5 { [%clk
1:29:26]} 10... Ba6 {[%clk 1:21:38]} 11. Qb3 {[%clk 1:27:18]} 11... Bxb5 {[%clk
1:21:02]} 12. Qxb5 {[%clk 1:27:16]} 12... Qc7 {[%clk 1:20:49]} 13. Nb6 { [%clk
1:26:18]} 13... Ra7 {[%clk 1:20:29]} 14. f4 {[%clk 1:22:05]} 14... Nc6 { [%clk
1:19:39]} 15. Nf3 {[%clk 1:20:38]} 15... Be7 {[%clk 1:14:58]} 16. O-O { [%clk
1:19:28]} 16... O-O {[%clk 1:12:41]} 17. Be3 {[%clk 1:18:10]} 17... Rb8 { [%clk
1:12:31]} 18. Rab1 {[%clk 1:16:49]} 18... Bd8 {[%clk 1:11:25]} 19. Rfc1 { [%clk
1:13:43]} 19... Rab7 {[%clk 1:10:00]} 20. Ne5 {[%clk 1:13:25]} 20... Ndxe5
{[%clk 1:01:05]} 21. fxe5 {[%clk 1:12:58]} 21... h6 {[%clk 1:00:18]} 22. Bf2
{[%clk 1:11:58]} 22... f6 {[%clk 0:57:34]} 23. exf6 {[%clk 1:11:41]} 23... Bxf6
{[%clk 0:57:34]} 24. Rd1 {[%clk 1:09:44]} 24... Rf8 {[%clk 0:54:31]} 25. Qe2
{[%clk 1:08:50]} 25... Qf7 {[%clk 0:52:02]} 26. a3 {[%clk 1:06:19]} 26... Re7
{[%clk 0:48:51]} 27. Rd2 {[%clk 0:56:17]} 27... Bg5 {[%clk 0:46:05]} 28. Be3
{[%clk 0:55:05]} 28... Bxe3+ {[%clk 0:44:21]} 29. Qxe3 {[%clk 0:55:27]} 29...
Qf6 {[%clk 0:44:17]} 30. Rbd1 {[%clk 0:47:16]} 30... Ref7 {[%clk 0:44:03] } 31.
Qe2 {[%clk 0:46:39]} 31... Kh8 {[%clk 0:38:23]} 32. Na4 {[%clk 0:45:46]} 32...
Ne7 {[%clk 0:27:13]} 33. Nc3 {[%clk 0:44:23]} 33... Nf5 {[%clk 0:22:14]} 34. g3
{[%clk 0:38:45]} 34... Qg5 {[%clk 0:17:09]} 35. Rd3 {[%clk 0:37:19]} 35... Nh4
{[%clk 0:06:36]} 36. Kh1 {[%clk 0:29:05]} 36... Rf2 {[%clk 0:04:48]} 37. Qe1
{[%clk 0:24:22]} 37... Qg4 {[%clk 0:03:29]} 38. Qg1 {[%clk 0:19:22]} 38... Rg2
{[%clk 0:03:48]} 39. Qxg2 {[%clk 0:18:48]} 39... Nxg2 {[%clk 0:04:12] } 40.
Kxg2 {[%clk 0:18:38]} 40... Qf5 {[%clk 0:04:24]} 41. a4 {[%clk 0:11:55]} 41...
Qf2+ {[%clk 0:03:23]} 42. Kh3 {[%clk 0:10:05]} 42... Rf5 {[%clk 0:01:43]} 43.
g4 {[%clk 0:08:47]} 43... Rf3+ {[%clk 0:02:05]} 44. Rxf3 {[%clk 0:09:03]} 44...
Qxf3+ {[%clk 0:02:30]} 45. Kh4 {[%clk 0:09:26]} 45... g5+ {[%clk 0:02:42] } 46.
Kh5 {[%clk 0:09:41]} 46... Kg7 {[%clk 0:02:51]} 47. h4 {[%clk 0:09:25]} 47...
Qf7# {[%clk 0:03:16]} 0-1

[Event "DEM U12w 2019"]
[Site "Willingen GER"]
[Date "2019.06.15"]
[Round "9"]
[White "Adelmeyer, Nelly"]
[Black "Pohle, Saskia"]
[Result "1-0"]
[Termination "normal"]
[Board "4"]
[WhiteElo "1420"]
[BlackElo "1819"]
[WhiteClock "00:56:55"]
[BlackClock "00:18:29"]
[PlyCount "55"]
[WhiteFideId "16203577"]
[BlackFideId "16201604"]
[EventCountry "GER"]
[EventRounds "9"]
[EventType "swiss"]
[EventDate "2019.06.08"]

1. e4 {[%clk 1:30:58]} 1... c5 {[%clk 1:30:55]} 2. c3 {[%clk 1:31:25]} 2... d5
{[%clk 1:31:20]} 3. exd5 {[%clk 1:31:51]} 3... Qxd5 {[%clk 1:31:44]} 4. Nf3 {
[%clk 1:32:13]} 4... Nf6 {[%clk 1:31:56]} 5. Be2 {[%clk 1:32:25]} 5... Nc6 {
[%clk 1:32:12]} 6. O-O {[%clk 1:32:41]} 6... e6 {[%clk 1:31:41]} 7. d4 { [%clk
1:32:01]} 7... Be7 {[%clk 1:31:48]} 8. h3 {[%clk 1:31:16]} 8... O-O { [%clk
1:31:21]} 9. Bf4 {[%clk 1:27:52]} 9... b6 {[%clk 1:28:52]} 10. Ne5 { [%clk
1:23:37]} 10... Nxe5 {[%clk 1:19:14]} 11. dxe5 {[%clk 1:21:01]} 11... Qxd1
{[%clk 1:17:16]} 12. Rxd1 {[%clk 1:21:25]} 12... Nd5 {[%clk 1:02:20]} 13. Bf3
{[%clk 1:16:44]} 13... Bb7 {[%clk 0:50:28]} 14. Bg3 {[%clk 1:16:13]} 14... Rad8
{[%clk 0:49:34]} 15. Na3 {[%clk 1:13:41]} 15... Ba8 {[%clk 0:48:03]} 16. c4
{[%clk 1:10:05]} 16... Nb4 {[%clk 0:45:38]} 17. Bxa8 {[%clk 1:09:41]} 17...
Rxa8 {[%clk 0:44:03]} 18. Rd7 {[%clk 1:09:49]} 18... Nc6 {[%clk 0:43:25]} 19.
Rad1 {[%clk 1:06:13]} 19... a6 {[%clk 0:38:29]} 20. Rc7 {[%clk 1:01:05]} 20...
Rfc8 {[%clk 0:34:56]} 21. Rdd7 {[%clk 0:59:50]} 21... Rxc7 {[%clk 0:33:37]} 22.
Rxc7 {[%clk 1:00:12]} 22... Nxe5 {[%clk 0:25:47]} 23. Bxe5 {[%clk 1:00:01]}
23... Bd8 {[%clk 0:25:18]} 24. Rb7 {[%clk 0:58:52]} 24... Rc8 {[%clk 0:24:02]}
25. Ra7 {[%clk 0:58:22]} 25... a5 {[%clk 0:24:25]} 26. Nb5 {[%clk 0:58:42]}
26... f6 {[%clk 0:20:29]} 27. Nd6 {[%clk 0:58:16]} 27... Rc7 {[%clk 0:18:29]}
28. Ra8 {[%clk 0:56:55]} 1-0

[Event "DEM U12w 2019"]
[Site "Willingen GER"]
[Date "2019.06.15"]
[Round "9"]
[White "Prinzen, Siri Marleen"]
[Black "Fischer, Darja"]
[Result "1-0"]
[Termination "normal"]
[Board "5"]
[WhiteElo "1505"]
[BlackElo "1480"]
[WhiteClock "00:38:52"]
[BlackClock "00:56:20"]
[PlyCount "99"]
[WhiteFideId "16265912"]
[BlackFideId "16240898"]
[EventCountry "GER"]
[EventRounds "9"]
[EventType "swiss"]
[EventDate "2019.06.08"]

1. e4 {[%clk 1:30:59]} 1... c6 {[%clk 1:30:57]} 2. d4 {[%clk 1:31:22]} 2... d5
{[%clk 1:31:21]} 3. e5 {[%clk 1:31:47]} 3... Bf5 {[%clk 1:31:43]} 4. h4 { [%clk
1:32:07]} 4... h6 {[%clk 1:30:06]} 5. g4 {[%clk 1:32:19]} 5... Bg6 { [%clk
1:29:36]} 6. h5 {[%clk 1:31:54]} 6... Bh7 {[%clk 1:29:59]} 7. e6 { [%clk
1:29:26]} 7... fxe6 {[%clk 1:28:02]} 8. Bd3 {[%clk 1:28:50]} 8... Bxd3 { [%clk
1:23:53]} 9. Qxd3 {[%clk 1:29:13]} 9... Qd6 {[%clk 1:23:26]} 10. Qg6+ { [%clk
1:27:59]} 10... Kd8 {[%clk 1:22:46]} 11. Nf3 {[%clk 1:27:16]} 11... Nd7 { [%clk
1:19:51]} 12. g5 {[%clk 1:22:09]} 12... e5 {[%clk 1:17:23]} 13. gxh6 { [%clk
1:18:09]} 13... Qxg6 {[%clk 1:15:46]} 14. hxg6 {[%clk 1:18:29]} 14... Nxh6
{[%clk 1:12:09]} 15. dxe5 {[%clk 1:15:59]} 15... e6 {[%clk 1:10:19]} 16. Bf4
{[%clk 1:12:24]} 16... Be7 {[%clk 1:08:33]} 17. Nd4 {[%clk 1:11:10]} 17... Nb6
{[%clk 1:02:23]} 18. Nxe6+ {[%clk 1:09:05]} 18... Kd7 {[%clk 1:02:38]} 19. Nxg7
{[%clk 1:07:36]} 19... Rag8 {[%clk 1:02:16]} 20. Rxh6 {[%clk 1:05:43]} 20...
Rxh6 {[%clk 1:00:29]} 21. Bxh6 {[%clk 1:06:07]} 21... Bf8 {[%clk 1:00:54] } 22.
e6+ {[%clk 1:05:18]} 22... Kd6 {[%clk 0:59:52]} 23. e7 {[%clk 1:02:25]} 23...
Kxe7 {[%clk 0:59:18]} 24. Nf5+ {[%clk 1:01:47]} 24... Kf6 {[%clk 0:59:15] } 25.
Bxf8 {[%clk 1:00:12]} 25... Rxf8 {[%clk 0:59:25]} 26. g7 {[%clk 0:58:43]} 26...
Re8+ {[%clk 0:58:45]} 27. Ne3 {[%clk 0:57:38]} 27... d4 {[%clk 0:58:04]} 28.
g8=Q {[%clk 0:57:33]} 28... Rxg8 {[%clk 0:58:29]} 29. Nd1 {[%clk 0:56:31]}
29... Kf5 {[%clk 0:57:55]} 30. c3 {[%clk 0:54:19]} 30... c5 {[%clk 0:57:04]}
31. cxd4 {[%clk 0:52:37]} 31... cxd4 {[%clk 0:57:28]} 32. Kd2 {[%clk 0:52:25]}
32... Ke4 {[%clk 0:57:31]} 33. Na3 {[%clk 0:52:00]} 33... d3 {[%clk 0:56:42]}
34. Nc3+ {[%clk 0:51:05]} 34... Kd4 {[%clk 0:56:44]} 35. Nab5+ {[%clk 0:50:45]}
35... Kc4 {[%clk 0:57:02]} 36. Nxa7 {[%clk 0:49:18]} 36... Rf8 {[%clk 0:56:45]}
37. Rf1 {[%clk 0:49:04]} 37... Rf3 {[%clk 0:57:09]} 38. Nab5 {[%clk 0:48:13]}
38... Nc8 {[%clk 0:55:56]} 39. Nc7 {[%clk 0:47:28]} 39... Nd6 {[%clk 0:55:26]}
40. N7d5 {[%clk 0:45:29]} 40... Kd4 {[%clk 0:55:21]} 41. Ne3 {[%clk 0:44:25]}
41... b5 {[%clk 0:54:57]} 42. b4 {[%clk 0:41:53]} 42... Nc4+ {[%clk 0:54:29]}
43. Nxc4 {[%clk 0:41:58]} 43... Kxc4 {[%clk 0:54:55]} 44. a3 {[%clk 0:41:48]}
44... Kb3 {[%clk 0:55:19]} 45. Nxb5 {[%clk 0:41:45]} 45... Kc4 {[%clk 0:55:18]}
46. a4 {[%clk 0:39:19]} 46... Kxb4 {[%clk 0:55:14]} 47. Nd4 {[%clk 0:39:36]}
47... Rh3 {[%clk 0:55:32]} 48. f3 {[%clk 0:38:26]} 48... Kxa4 {[%clk 0:55:51]}
49. Kxd3 {[%clk 0:38:45]} 49... Kb4 {[%clk 0:56:20]} 50. Rc1 {[%clk 0:38:52]}
1-0

[Event "DEM U12w 2019"]
[Site "Willingen GER"]
[Date "2019.06.15"]
[Round "9"]
[White "Lieberwirth, Nele"]
[Black "Wilmink, Anna"]
[Result "0-1"]
[Termination "normal"]
[Board "6"]
[WhiteElo "1385"]
[BlackElo "1466"]
[WhiteClock "00:03:25"]
[BlackClock "00:11:03"]
[PlyCount "106"]
[WhiteFideId "16259483"]
[BlackFideId "16273680"]
[EventCountry "GER"]
[EventRounds "9"]
[EventType "swiss"]
[EventDate "2019.06.08"]

1. e4 {[%clk 1:30:56]} 1... c5 {[%clk 1:30:53]} 2. Nf3 {[%clk 1:31:11]} 2...
Nc6 {[%clk 1:31:14]} 3. d4 {[%clk 1:31:24]} 3... cxd4 {[%clk 1:31:32]} 4. Nxd4
{[%clk 1:31:38]} 4... g6 {[%clk 1:31:50]} 5. c4 {[%clk 1:31:31]} 5... Bg7 {
[%clk 1:32:01]} 6. Be3 {[%clk 1:31:31]} 6... Nf6 {[%clk 1:32:22]} 7. Nc3 {
[%clk 1:31:18]} 7... O-O {[%clk 1:32:29]} 8. Be2 {[%clk 1:30:49]} 8... d6 {
[%clk 1:32:45]} 9. O-O {[%clk 1:29:57]} 9... Nd7 {[%clk 1:32:39]} 10. Qd2 {
[%clk 1:25:46]} 10... Nc5 {[%clk 1:32:27]} 11. Bf3 {[%clk 1:22:38]} 11... Ne6 {
[%clk 1:32:14]} 12. Nde2 {[%clk 1:19:49]} 12... Ne5 {[%clk 1:30:59]} 13. b3 {
[%clk 1:00:10]} 13... Nc5 {[%clk 1:27:19]} 14. Nd4 {[%clk 0:53:04]} 14... Nxf3+
{[%clk 1:23:09]} 15. Nxf3 {[%clk 0:53:01]} 15... Bxc3 {[%clk 1:22:09]} 16. Qxc3
{[%clk 0:53:04]} 16... Nxe4 {[%clk 1:22:19]} 17. Qd4 {[%clk 0:52:26]} 17... Nf6
{[%clk 1:21:57]} 18. Ng5 {[%clk 0:47:19]} 18... Qd7 {[%clk 1:17:05]} 19. h3 {
[%clk 0:41:10]} 19... b6 {[%clk 1:12:15]} 20. Qh4 {[%clk 0:36:44]} 20... Bb7 {
[%clk 1:06:19]} 21. Bd4 {[%clk 0:32:30]} 21... e5 {[%clk 1:05:53]} 22. Bc3 {
[%clk 0:31:48]} 22... Qc6 {[%clk 1:04:43]} 23. f3 {[%clk 0:18:25]} 23... Qc5+ {
[%clk 1:02:47]} 24. Kh1 {[%clk 0:16:43]} 24... Kg7 {[%clk 0:59:10]} 25. Bd2 {
[%clk 0:09:36]} 25... h5 {[%clk 0:53:24]} 26. f4 {[%clk 0:07:43]} 26... Qc6 {
[%clk 0:44:59]} 27. Rf2 {[%clk 0:07:19]} 27... Rae8 {[%clk 0:42:54]} 28. Bc3 {
[%clk 0:06:09]} 28... Qd7 {[%clk 0:30:28]} 29. Re1 {[%clk 0:05:19]} 29... Qd8 {
[%clk 0:24:51]} 30. fxe5 {[%clk 0:05:02]} 30... Ne4 {[%clk 0:24:35]} 31. Bd2 {
[%clk 0:04:36]} 31... Nxf2+ {[%clk 0:24:39]} 32. Qxf2 {[%clk 0:04:59]} 32...
dxe5 {[%clk 0:24:42]} 33. Nf3 {[%clk 0:05:05]} 33... Bxf3 {[%clk 0:24:38]} 34.
gxf3 {[%clk 0:05:33]} 34... Qd7 {[%clk 0:22:45]} 35. Qh2 {[%clk 0:05:12]} 35...
Qd3 {[%clk 0:16:13]} 36. Qg2 {[%clk 0:04:39]} 36... Rd8 {[%clk 0:15:20]} 37.
Bb4 {[%clk 0:04:44]} 37... Rfe8 {[%clk 0:14:58]} 38. Qg3 {[%clk 0:04:32]} 38...
e4 {[%clk 0:14:54]} 39. Qf2 {[%clk 0:04:01]} 39... Qxf3+ {[%clk 0:14:14]} 40.
Qxf3 {[%clk 0:04:18]} 40... exf3 {[%clk 0:14:26]} 41. Rxe8 {[%clk 0:04:27]}
41... Rxe8 {[%clk 0:14:45]} 42. Kg1 {[%clk 0:04:46]} 42... Re2 {[%clk 0:14:47]}
43. Kf1 {[%clk 0:04:56]} 43... Rxa2 {[%clk 0:14:41]} 44. Bc3+ {[%clk 0:05:07]}
44... f6 {[%clk 0:14:07]} 45. Bd4 {[%clk 0:05:16]} 45... Ra3 {[%clk 0:13:02]}
46. b4 {[%clk 0:05:11]} 46... Ra4 {[%clk 0:12:51]} 47. Bc3 {[%clk 0:05:27]}
47... a5 {[%clk 0:11:26]} 48. c5 {[%clk 0:04:09]} 48... axb4 {[%clk 0:10:10]}
49. Bb2 {[%clk 0:03:26]} 49... bxc5 {[%clk 0:10:26]} 50. h4 {[%clk 0:03:26]}
50... Ra2 {[%clk 0:09:59]} 51. Bxf6+ {[%clk 0:02:50]} 51... Kxf6 { [%clk
0:10:19]} 52. Ke1 {[%clk 0:03:13]} 52... b3 {[%clk 0:10:38]} 53. Kf1 { [%clk
0:03:25]} 53... b2 {[%clk 0:11:03]} 0-1

[Event "DEM U12w 2019"]
[Site "Willingen GER"]
[Date "2019.06.15"]
[Round "9"]
[White "Ding, Tina"]
[Black "Keymer, Cecilia"]
[Result "0-1"]
[Termination "normal"]
[Board "7"]
[WhiteElo "1180"]
[BlackElo "1511"]
[WhiteClock "00:36:40"]
[BlackClock "00:18:48"]
[PlyCount "70"]
[WhiteFideId "16286987"]
[BlackFideId "16233468"]
[EventCountry "GER"]
[EventRounds "9"]
[EventType "swiss"]
[EventDate "2019.06.08"]

1. c4 {[%clk 1:30:59]} 1... c6 {[%clk 1:30:52]} 2. Nc3 {[%clk 1:30:44]} 2... d5
{[%clk 1:30:59]} 3. cxd5 {[%clk 1:30:25]} 3... cxd5 {[%clk 1:31:19]} 4. d4 {
[%clk 1:30:29]} 4... Nf6 {[%clk 1:31:01]} 5. g3 {[%clk 1:30:28]} 5... Nc6 {
[%clk 1:30:26]} 6. Bg2 {[%clk 1:30:13]} 6... Bf5 {[%clk 1:29:21]} 7. e3 { [%clk
1:28:37]} 7... e6 {[%clk 1:28:08]} 8. Nge2 {[%clk 1:28:30]} 8... Be7 { [%clk
1:24:52]} 9. O-O {[%clk 1:27:26]} 9... O-O {[%clk 1:20:00]} 10. b3 { [%clk
1:26:06]} 10... h6 {[%clk 1:15:09]} 11. Bb2 {[%clk 1:24:25]} 11... Rc8 { [%clk
1:13:07]} 12. a3 {[%clk 1:21:08]} 12... Na5 {[%clk 1:07:32]} 13. Na4 { [%clk
1:14:10]} 13... Bc2 {[%clk 1:04:16]} 14. Qe1 {[%clk 1:08:59]} 14... Nxb3 {[%clk
1:01:55]} 15. Nac3 {[%clk 1:08:14]} 15... Nxa1 {[%clk 1:00:41]} 16. Qxa1 {[%clk
1:07:48]} 16... Bh7 {[%clk 0:59:04]} 17. Nf4 {[%clk 1:05:47]} 17... Qd7 {[%clk
0:56:49]} 18. Bf3 {[%clk 1:02:51]} 18... Rc7 {[%clk 0:55:33]} 19. a4 { [%clk
1:01:45]} 19... a6 {[%clk 0:54:49]} 20. a5 {[%clk 1:00:18]} 20... Bb4 { [%clk
0:53:17]} 21. Nfe2 {[%clk 0:58:09]} 21... Ne4 {[%clk 0:51:23]} 22. Nxe4 { [%clk
0:53:58]} 22... Bxe4 {[%clk 0:51:17]} 23. Bg4 {[%clk 0:52:12]} 23... Qb5 {[%clk
0:45:48]} 24. Bc3 {[%clk 0:50:49]} 24... Rfc8 {[%clk 0:40:19]} 25. Bxb4 {[%clk
0:49:53]} 25... Qxb4 {[%clk 0:40:19]} 26. Nf4 {[%clk 0:49:07]} 26... Qc3 {[%clk
0:36:25]} 27. Qa4 {[%clk 0:46:25]} 27... Bc2 {[%clk 0:34:23]} 28. Qa2 { [%clk
0:46:07]} 28... Qb3 {[%clk 0:32:28]} 29. Qa1 {[%clk 0:45:50]} 29... Be4 { [%clk
0:23:28]} 30. Re1 {[%clk 0:43:57]} 30... Rc2 {[%clk 0:22:01]} 31. Qd1 { [%clk
0:39:54]} 31... Qb2 {[%clk 0:20:04]} 32. Re2 {[%clk 0:37:47]} 32... Rxe2 {[%clk
0:18:31]} 33. Bxe2 {[%clk 0:37:48]} 33... Rc1 {[%clk 0:18:29]} 34. f3 { [%clk
0:36:38]} 34... Rxd1+ {[%clk 0:18:45]} 35. Bxd1 {[%clk 0:36:40]} 35... Qc1
{[%clk 0:18:48]} 0-1

[Event "DEM U12w 2019"]
[Site "Willingen GER"]
[Date "2019.06.15"]
[Round "9"]
[White "Hubert, Charlotte"]
[Black "von Beckh, Frieda"]
[Result "0-1"]
[Termination "normal"]
[Board "8"]
[WhiteElo "1311"]
[BlackElo "1465"]
[WhiteClock "00:11:05"]
[BlackClock "00:28:22"]
[PlyCount "48"]
[WhiteFideId "16265920"]
[BlackFideId "16233751"]
[EventCountry "GER"]
[EventRounds "9"]
[EventType "swiss"]
[EventDate "2019.06.08"]

1. e4 {[%clk 1:30:58]} 1... e5 {[%clk 1:30:55]} 2. Nf3 {[%clk 1:31:20]} 2...
Nc6 {[%clk 1:31:20]} 3. Nc3 {[%clk 1:31:44]} 3... Nf6 {[%clk 1:31:45]} 4. d4 {
[%clk 1:32:02]} 4... exd4 {[%clk 1:32:00]} 5. Nxd4 {[%clk 1:32:23]} 5... Nxe4 {
[%clk 1:32:07]} 6. Nxe4 {[%clk 1:05:51]} 6... Qe7 {[%clk 1:32:29]} 7. Be2 {
[%clk 1:04:04]} 7... Qxe4 {[%clk 1:32:14]} 8. Nxc6 {[%clk 1:03:11]} 8... dxc6 {
[%clk 1:31:59]} 9. O-O {[%clk 1:03:17]} 9... Bd7 {[%clk 1:32:04]} 10. Re1 {
[%clk 1:03:09]} 10... O-O-O {[%clk 1:32:10]} 11. Bd3 {[%clk 1:01:02]} 11... Qh4
{[%clk 1:27:24]} 12. Re4 {[%clk 0:43:28]} 12... Qf6 {[%clk 1:27:15]} 13. Be3 {
[%clk 0:24:28]} 13... c5 {[%clk 1:22:32]} 14. Rf4 {[%clk 0:17:24]} 14... Qxb2 {
[%clk 1:10:40]} 15. Rb1 {[%clk 0:16:45]} 15... Qxa2 {[%clk 1:09:21]} 16. Ra1 {
[%clk 0:17:06]} 16... Qb2 {[%clk 1:07:22]} 17. Rxa7 {[%clk 0:16:13]} 17... Kb8
{[%clk 1:07:11]} 18. Ra1 {[%clk 0:16:18]} 18... Bc6 {[%clk 0:50:19]} 19. Qe1 {
[%clk 0:15:29]} 19... b6 {[%clk 0:40:54]} 20. Be4 {[%clk 0:13:55]} 20... Bxe4 {
[%clk 0:36:54]} 21. Rxe4 {[%clk 0:14:21]} 21... Qxc2 {[%clk 0:36:27]} 22. Rea4
{[%clk 0:13:49]} 22... Bd6 {[%clk 0:34:39]} 23. Qf1 {[%clk 0:11:27]} 23... Be5
{[%clk 0:28:22]} 24. Qb5 {[%clk 0:11:05]} 24... Rd1+ 0-1